| 000 | 00559nam a2200181 4500 | ||
|---|---|---|---|
| 001 | 116759 | ||
| 003 | ES-MaACL | ||
| 005 | 20230906190750.0 | ||
| 007 | t| | ||
| 008 | 061121s1970 sp r ||||1| spa d | ||
| 100 | 1 |
_aPaustovski, Konstantin Georgievich. _989671 |
|
| 245 | 1 | 0 |
_aHistoria de una vida / _cKonstantin Georgievich Paustovski ; traducción: Angel C. Tomás. |
| 250 | _a1ª ed. | ||
| 260 |
_aBarcelona [etc.] : _bBruguera, _c1970. |
||
| 300 |
_a1084 p. ; _c21 cm. |
||
| 700 | 1 |
_aTomás, Angel C. _9110498 |
|
| 852 |
_aES-MaACL _jC-38860 _bR.72556 |
||
| 999 |
_c116759 _d116759 |
||